00829nam a2200241 i 4500001001000000003000900010005001700019007000300036008004100039040003000080041000800110082002400118100005200142245006600194264007600260300004600336336002800382337003300410338002900443500006400472650002400536650002700560000010678DO-SdBNP20251113084142.0ta091009t1984 dr a 001 p spa d aDO-SdBNPbspacBNPHUerda aspa 4aRD861.44bN964r2221 aNuñez Polanco, Diómedesd1952-eautor4aut.13aLa rebelión de los vientos /cDiómedes Núñez Polanco. aSanto Domingo, República Dominicana : bEditora Alfa y Omega,c1984. a133 páginas :bilustraciones ;c21 cm. atextobtxt2rdacontent  asin mediaciónbn2rdamedia avolumenbnc2rdacarrier  aIncluye datos biográficos del autor en la contracubierta. 0aPoesía dominicana 0aLiteratura dominicana.